00511 2200217 4500001002100000005001500021035002000036245004600056100001600102300002800118260003100146082000800177084001400185020002200199990001200221990001200233990001200245990001200257990001200269990001200281INLIS00000000000311020251015015125 a0010-10250000141 aX-Press TKA SMA/MA Biologi /cAjib Setiyo0 aAjib Setiyo a154 hlm ;c21 x 25,5 cm aJakarta :bErlangga,c2025 a574 a574 AJI x a978-623-522-768-9 a0755707 a0755708 a0755709 a0755710 a0755711 a0755712